000
00278nam a2200109Ia 4500
008
200302s9999 xx 000 0 und d
100
_a
Henry Sanoff
245
_a
Methods of Architectural Programming
260
_b
Dowden Hutchinson Ross, Inc.
260
_c
1977
300
_a
184 P.,
999
_c
2179
_d
2179